Normal view
MARC view
Entry Nombre personal
001 - NÚMERO DE CONTROL
- campo de control: 24090
003 - IDENTIFICADOR DE NÚMERO DE CONTROL
- campo de control: OSt
005 - FECHA Y HORA DE LA ÚLTIMA TRANSACCIÓN
- campo de control: 20221005160348.0
008 - ELEMENTOS DE DATO DE LONGITUD-FIJA
- campo de control de longitud fija: 221005|| aca||aabn | a|a d
040 ## - FUENTE DE CATALOGACIÓN
- Centro catalogador/agencia de origen: OSt
- Centro/agencia transcriptor: OSt
100 ## - ENCABEZAMIENTO-NOMBRE DE PERSONA
- Nombre de persona: COMITE INTERNATIONAL DE JURISTES POUR LA DEMOCRATIE ET LES DROITS DE L'HOMME EN COREE DU SUD
670 ## - FUENTE DE DATOS ENCONTRADOS
- Cita de la fuente: Work cat.: (OSt)27899: COMITE INTERNATIONAL DE JURISTES POUR LA DEMOCRATIE ET LES DROITS DE L'HOMME EN COREE DU SUD, Sixième livre blanc sur les droits de l'homme en Corée du Sud /, 1991